Piłkarze Manchesteru United - nagła śmierć - Statystyki

Ogólne statystyki
  • Ten quiz został rozwiązany 886 razy
  • Średni wynik to 18 z 28
Answers on the Grid
Answers color-coded by a green-red scale on the quiz's grid according to % correct below.
Cristiano Ronaldo
Lionel Messi
Wayne Rooney
Ronaldinho
Kylian Mbappé
David Beckham
Mohamed Salah
Thierry Henry
Lamine Yamal
Ryan Giggs
Bernardo Silva
Harry Maguire
Leonardo Bonucci
Bruno Fernandes
Erling Haaland
Rafael van der Vaart
Casemiro
Giorgio Chiellini
Marcus Rashford
Kamil Grabara
Paul Scholes
Wesley Sneijder
Edwin van der Sar
Rio Ferdinand
Ruud van Nistelrooy
Lautaro Martínez
Lisandro Martínez
Luka Modrić
Kevin De Bruyne
Ashley Young
Antonio Valencia
Steven Gerrard
Michael Carrick
Yann Sommer
Jamie Carragher
Nemanja Vidić
Peter Crouch
Sami Khedira
Gary Neville
Roy Keane
Giorgio Chiellini
Leroy Sané
Éric Cantona
Giovani dos Santos
Neymar
Peter Schmeichel
David de Gea
David Villa
Tomasz Kuszczak
Alfredo Di Stéfano
Nani
Alex Song
Mikael Ishak
Patrice Evra
Ousmane Dembélé
Gerard Piqué
Ángel Di María
Diego Maradona
Zlatan Ibrahimović
Javier Mascherano
 
Statystyki odpowiedzi
Odpowiedź % Poprawnych
Cristiano Ronaldo
97%
Wayne Rooney
96%
David Beckham
93%
Harry Maguire
89%
Ryan Giggs
87%
Bruno Fernandes
84%
Casemiro
75%
Marcus Rashford
74%
Edwin van der Sar
72%
Paul Scholes
72%
Rio Ferdinand
71%
Ruud van Nistelrooy
67%
Antonio Valencia
61%
Ashley Young
61%
Nemanja Vidić
59%
Michael Carrick
58%
David de Gea
57%
Lisandro Martínez
57%
Éric Cantona
56%
Roy Keane
55%
Gary Neville
53%
Nani
53%
Ángel Di María
52%
Patrice Evra
51%
Zlatan Ibrahimović
51%
Peter Schmeichel
50%
Tomasz Kuszczak
49%
Gerard Piqué
47%
Nie znaleziono quizów pasujących do podanych kryteriów
Rozkład punktacji
Procent ludzi z każdym wynikiem
Percentyl według liczby udzielonych odpowiedzi
Twoja historia wyników
Nie rozwiązałeś tego quizu